E-commerce as a Potential New Engine for Growth in Asia /

The use of e-commerce around the world has accelerated in recent years, with Asia, led by China, spearheading the rise. Using cross-country enterprise survey data, this paper shows that firms engaged in e-commerce have higher productivity and generate a larger share of their revenues from exports th...

Ausführliche Beschreibung

Bibliographische Detailangaben
1. Verfasser: Kinda, Tidiane
Format: Zeitschrift
Sprache:English
Veröffentlicht: Washington, D.C. : International Monetary Fund, 2019.
Schriftenreihe:IMF Working Papers; Working Paper ; No. 2019/135
Online Zugang:Full text available on IMF
LEADER 02010cas a2200241 a 4500
001 AALejournalIMF019374
008 230101c9999 xx r poo 0 0eng d
020 |c 5.00 USD 
020 |z 9781498317467 
022 |a 1018-5941 
040 |a BD-DhAAL  |c BD-DhAAL 
100 1 |a Kinda, Tidiane. 
245 1 0 |a E-commerce as a Potential New Engine for Growth in Asia /  |c Tidiane Kinda. 
264 1 |a Washington, D.C. :  |b International Monetary Fund,  |c 2019. 
300 |a 1 online resource (29 pages) 
490 1 |a IMF Working Papers 
500 |a <strong>Off-Campus Access:</strong> No User ID or Password Required 
500 |a <strong>On-Campus Access:</strong> No User ID or Password Required 
506 |a Electronic access restricted to authorized BRAC University faculty, staff and students 
520 3 |a The use of e-commerce around the world has accelerated in recent years, with Asia, led by China, spearheading the rise. Using cross-country enterprise survey data, this paper shows that firms engaged in e-commerce have higher productivity and generate a larger share of their revenues from exports than other firms. This is particularly true in Asia, where firms have 30 percent higher productivity and generate about 50 percent more of their revenues from exports. The results presented in this paper are robust to the use of instrumental variables, which highlight possible larger effects of e-commerce on Asian productivity and exports when essential elements are in place for its effective use, such as reliable electricity, telecommunication, and transport infrastructure. Despite the rapid growth of e-commerce in recent years, gaps persist in digital infrastructure and legislation, preventing many Asian countries from fully reaping the potential benefits of e-commerce. 
538 |a Mode of access: Internet 
830 0 |a IMF Working Papers; Working Paper ;  |v No. 2019/135 
856 4 0 |z Full text available on IMF  |u http://elibrary.imf.org/view/journals/001/2019/135/001.2019.issue-135-en.xml  |z IMF e-Library